|
|
|
|
| LEADER |
00000 a2200000 4500 |
| 001 |
RU/ROS-EDU.RU/128785 |
| 856 |
4 |
|
|u https://www.ros-edu.ru/book?id=128785
|z Перейти к просмотру издания
|
| 010 |
|
|
|a 978-5-517-03396-3
|
| 100 |
|
|
|a 20200101d2020 |||y0rusy0250
|
| 105 |
|
|
|a y z 000zy
|
| 101 |
0 |
|
|a rus
|
| 102 |
|
|
|a RU
|
| 200 |
1 |
|
|a Неточка Незванова
|b Электронный ресурс
|f Ф. М. Достоевский
|
| 700 |
|
1 |
|b Ф. М.
|a Достоевский
|4 070
|
| 330 |
|
|
|a История развития литературы – понятие куда более обширное, чем можно предположить, и куда более сложное, чем может вообразить студент-первокурсник филологического факультета. Неизменно всякий выбор «лучших книг» и «обязательных к прочтению» писателей сопровождается беспощадным отсечением жемчужин мысли от одобренной нормы и «золотого стандарта». За бортом остается множество гениев, признанных и непризнанных, и шедевров мировой литературы. Книги серии «World Classics Books» – попытка расширить устоявшееся в умах понятие классических книг и обязательных для образованного человека авторов, предложив читателю произведения, о которых он либо совсем не слышал, либо знаком очень издалека. Однако представленные в серии труды – в некотором роде веховые этапы на сложном пути развития мировой литературы, без которых трудно составить представления о различных жанрах, литературных школах и целых эпохах развития мировой культуры. На обложке представлена репродукция картины Фредерика Моргана «Девочка кормит уток», музей Блэкберна, Великобритания.
|
| 210 |
|
|
|a Москва
|c Т8 Издательские технологии, RUGRAM
|d 2020
|
| 610 |
1 |
|
|a русская литература
|
| 610 |
1 |
|
|a художественная литература
|
| 610 |
1 |
|
|a классика
|
| 610 |
1 |
|
|a русская проза
|
| 610 |
1 |
|
|a произведение
|
| 675 |
|
|
|a 82
|
| 686 |
|
|
|a 83.3
|2 rubbk
|
| 300 |
|
|
|a Книга находится в премиум-версии платформы «Русский как иностранный».
|
| 215 |
|
|
|a 256 с.
|